Občanský zákoník se zapracovanými zákony, které jej mění, doplňují a upravují včetně novely přijaté zákonem Federalního shromáždění ČSFR dne 5.11.1991

Gespeichert in:
Bibliographische Detailangaben
Format: Buch
Sprache:Tschechisch
Veröffentlicht: Brno : Petrov, 1991
Tags: Tag hinzufügen
Keine Tags, Fügen Sie das erste Tag hinzu!

MARC

LEADER 00000nam a22000003a 4500
001 stu18226
005 20150408181536.3
008 920203s1991----cs------------------cze-d
040 |a STU  |b slo 
041 0 |a cze 
044 |a cs 
080 |a 331.01:34 
245 |a Občanský zákoník se zapracovanými zákony, které jej mění, doplňují a upravují včetně novely přijaté zákonem Federalního shromáždění ČSFR dne 5.11.1991 
260 |a Brno :  |b Petrov,  |c 1991 
300 |a 248 s 
996 |b CB1381  |c C*B1381  |l CCXIV  |s P  |a 0  |w stu18226_0001